Computer Manual in MATLAB to accompany Pattern Classification / (Record no. 617418)

000 -LEADER
fixed length control field 00539nam a22001817a 4500
003 - CONTROL NUMBER IDENTIFIER
control field NUST
005 - DATE AND TIME OF LATEST TRANSACTION
control field 20260512151958.0
008 - FIXED-LENGTH DATA ELEMENTS--GENERAL INFORMATION
fixed length control field 260512b ||||| |||| 00| 0 eng d
020 ## - INTERNATIONAL STANDARD BOOK NUMBER
International Standard Book Number 978-0471429777
082 ## - DEWEY DECIMAL CLASSIFICATION NUMBER
Classification number 005.13
Author Mark DAV
100 ## - MAIN ENTRY--PERSONAL NAME
Personal name David G. Stork, Elad Yom-Tov.
9 (RLIN) 134423
245 ## - TITLE STATEMENT
Title Computer Manual in MATLAB to accompany Pattern Classification /
Statement of responsibility, etc. David G. Stork, Elad Yom-Tov.
250 ## - EDITION STATEMENT
Edition statement 2nd Edition
260 ## - PUBLICATION, DISTRIBUTION, ETC.
Name of publisher, distributor, etc. Wiley-Interscience,
Date of publication, distribution, etc. 2004.
300 ## - PHYSICAL DESCRIPTION
Extent 134 p ;
Dimensions 35.00 cm
563 ## - BINDING INFORMATION
Binding note Paperback
942 ## - ADDED ENTRY ELEMENTS (KOHA)
Source of classification or shelving scheme
Koha item type Book
Holdings
Withdrawn status Lost status Source of classification or shelving scheme Damaged status Not for loan Permanent Location Current Location Date acquired Total Checkouts Full call number Barcode Date last seen Price effective from Koha item type
          Institute of Geographical Information Systems (IGIS) Institute of Geographical Information Systems (IGIS) 05/12/2026   005.13 DAV IGIS-556 05/12/2026 05/12/2026 Book
© 2023 Central Library, National University of Sciences and Technology. All Rights Reserved.